| 000 | 00348nam a22001337a 4500 | ||
|---|---|---|---|
| 005 | 20250901165818.0 | ||
| 008 | 250402b |||||||| |||| 00| 0 eng d | ||
| 020 | _a9780435893675 | ||
| 050 | _aPR 9408 .37 2002 | ||
| 245 |
_aTISH FARRELL _cSABUNI JOE |
||
| 260 |
_aSOUTH AFRICA _bHEINEMANN EDUCATIONAL PUBLISHERS _c2002 |
||
| 300 | _a123 | ||
| 942 | _2lcc | ||
| 999 |
_c9534 _d9534 |
||